Doctor Who Christmas Specials Quiz Stats

 Plays Quiz not verified by Sporcle

Challenge
Share
Tweet
Embed
Score 0/26 Timer 05:00
0 Plays Today
Hint Answer % Correct
Main companion(s)Rose Tyler
93.8%
Main companion(s)Donna Noble
92.2%
Episode titleThe Christmas Invasion
90.2%
Main companion(s)Clara Oswin Oswald
89.6%
Main companion(s)Clara Oswald
89.6%
Main companion(s)Clara Oswald
89.5%
Episode titleThe Runaway Bride
88.6%
Episode titleThe Snowmen
87.6%
Episode titleVoyage of the Damned
83.4%
Episode titleThe End of Time
83.4%
Episode titleA Christmas Carol
82.9%
Main companion(s)River Song
81%
Main companion(s)Astrid Peth
80.8%
Hint Answer % Correct
Episode titleLast Christmas
80.6%
Episode titleThe Next Doctor
80.3%
Episode titleThe Time of the Doctor
79.3%
Episode titleThe Husbands of River Song
77%
Episode titleThe Doctor, The Widow and the Wardrobe
76.7%
Main companion(s)Wilfred Mott
74.6%
Episode titleThe Return of Doctor Mysterio
71.4%
Main companion(s)Jackson Lake
66.8%
Episode titleTwice Upon A Time
66.7%
Main companion(s)Bill Potts
61.9%
Main companion(s)Kazran Sardick
51.3%
Main companion(s)The Arwells
45.6%
Main companion(s)Nardole
42.9%

You're not logged in!

Compare scores with friends on all Sporcle quizzes.
Join for Free
OR
Log In

You Might Also Like...

Show Comments

Extras

Top Quizzes Today


Score Distribution

Your Account Isn't Verified!

In order to create a playlist on Sporcle, you need to verify the email address you used during registration. Go to your Sporcle Settings to finish the process.

Report this User

Report this user for behavior that violates our Community Guidelines.

Details: